[Event "Let's Play Chess!"]
[Site "http://www.queenalice.com/game.php?id=6940"]
[Date "2005.3.15"]
[Round "-"]
[White "mdsawyermd"]
[Black "lidon123"]
[Result "1-0"]
[WhiteElo "1715"]
[BlackElo "1070"]

1. d4 e5 2. dxe5 Nc6 3. Nf3 d6 4. exd6 cxd6 5. Nc3 g6 6. Bf4 Bg7 7. Nb5 Qa5+ 8.
Nc3 Bxc3+ 9. bxc3 Qxc3+ 10. Bd2 Qa3 11. e3 Bg4 12. h3 Bxf3 13. Qxf3 Qb2 14. Qd1
Nf6 15. Qb1 Qxb1+ 16. Rxb1 b6 17. Bb5 Rc8 18. O-O O-O 19. f3 Rfe8 20. Rfd1 1-0

[Event "Let's Play Chess!"]
[Site "http://www.queenalice.com/game.php?id=6942"]
[Date "2005.3.15"]
[Round "-"]
[White "chackalrodrigo"]
[Black "lidon123"]
[Result "1-0"]
[WhiteElo "1001"]
[BlackElo "1113"]

1. Nf3 d5 2. e3 Bg4 3. Bb5 c6 4. Ba4 Nd7 5. d4 Qa5 6. Bd2 Qxa4 7. b3 Bxf3 8.
gxf3 Qa6 9. Nc3 e5 10. dxe5 Bb4 11. Rg1 g6 12. Rg3 Nxe5 13. f4 Nd7 14. Qg4 Ngf6
15. Rh3 Nxg4 16. f3 1-0

[Event "AUTO-OPEN-62"]
[Site "http://www.queenalice.com/game.php?id=6966"]
[Date "2005.3.16"]
[Round "1"]
[White "lidon123"]
[Black "victorhg"]
[Result "0-1"]
[WhiteElo "1130"]
[BlackElo "1236"]

1. Nf3 e6 2. d4 d5 3. g3 Nf6 4. Bg2 Nc6 5. O-O e5 6. Nxe5 Nxe5 7. dxe5 Nd7 8.
Bxd5 c6 9. e6 fxe6 10. Bxe6 Nc5 11. Bf7+ Ke7 12. Qxd8+ Kxd8 13. Rd1+ Bd7 14.
Bg5+ Be7 15. Rd6 Ne4 16. Bxe7 Kxe7 17. Rxd7 Kxd7 18. Nc3 Ng5 19. Rd1 Ke7 20. Bc4
b5 21. Bd3 Rad8 22. f4 Nh3+ 23. Kg2 Nxf4+ 24. gxf4 Rhf8 25. e3 h6 26. a4 bxa4
27. Nxa4 a5 28. h4 h5 29. Nc5 g6 0-1

[Event "AUTO-OPEN-62"]
[Site "http://www.queenalice.com/game.php?id=6967"]
[Date "2005.3.16"]
[Round "1"]
[White "victorhg"]
[Black "lidon123"]
[Result "1-0"]
[WhiteElo "1221"]
[BlackElo "1207"]

1. Nc3 d5 2. d4 Nf6 3. Nf3 e6 4. e3 Bb4 5. a3 Bxc3+ 6. bxc3 Ne4 7. Bd2 Nxd2 8.
Qxd2 O-O 9. Qd3 Re8 10. c4 dxc4 11. Qxc4 Qd5 12. Qa4 Bd7 13. Qb4 a5 14. Qb2 b6
15. c4 Qf5 16. Nh4 Qg5 17. g3 e5 18. dxe5 Qxe5 19. Qb1 Qc3 20. Ke2 Bg4 21. f3
Rxe3+ 22. Kf2 Bxf3 23. Kg1 Bxh1 24. Qd1 Nc6 25. Ng2 Bxg2 26. Kxg2 Qd4 27. Qc2
Qc3 28. Qd1 Rd8 29. Qb1 Rd2+ 30. Kh1 1-0

[Event "AUTO-OPEN-62"]
[Site "http://www.queenalice.com/game.php?id=6968"]
[Date "2005.3.16"]
[Round "1"]
[White "lidon123"]
[Black "VinceFromEde"]
[Result "0-1"]
[WhiteElo "1079"]
[BlackElo "1405"]

1. d4 c5 2. d5 d6 3. c4 g6 4. Nf3 Bg7 5. e4 e6 6. Bg5 Qa5 7. Qd2 Qxd2 8. Nbxd2
Bxb2 9. Rb1 Bg7 10. Bd3 Nf6 11. O-O Nbd7 12. Rfe1 O-O 13. e5 Ne8 14. Be7 dxe5
15. Bxf8 Bxf8 0-1

[Event "AUTO-OPEN-62"]
[Site "http://www.queenalice.com/game.php?id=6969"]
[Date "2005.3.16"]
[Round "1"]
[White "VinceFromEde"]
[Black "lidon123"]
[Result "1-0"]
[WhiteElo "1408"]
[BlackElo "1074"]

1. e4 e6 2. d4 d5 3. e5 c5 4. c3 f6 5. f4 Nc6 6. Nf3 fxe5 7. fxe5 cxd4 8. cxd4
Bb4 9. Nc3 Nge7 10. Bd2 O-O 11. Bd3 Qb6 12. Be3 Nf5 13. Bf2 Nfxd4 14. Nxd4 Nxd4
15. O-O 1-0

[Event "Let's Play Chess!"]
[Site "http://www.queenalice.com/game.php?id=7040"]
[Date "2005.3.16"]
[Round "-"]
[White "lidon123"]
[Black "Boeing"]
[Result "0-1"]
[WhiteElo "1100"]
[BlackElo "1518"]

1. d4 e6 2. e4 Qh4 3. e5 Nc6 4. Nf3 Qe4+ 5. Qe2 Qxe2+ 6. Bxe2 Nb4 7. Bd3 f6 8.
O-O fxe5 9. Nxe5 d6 10. c3 Nd5 11. Bg5 dxe5 12. dxe5 Be7 13. Bxe7 Ngxe7 14. Nd2
Nf4 15. Bb5+ c6 16. Bc4 b5 17. g3 Nfg6 18. f4 bxc4 19. Nxc4 Ba6 20. b3 Nd5 21.
Nd6+ Ke7 22. c4 Nc3 23. a4 Rab8 24. f5 Nxe5 25. Ra3 Kxd6 26. b4 Bxc4 27. Rxc3
Bxf1 28. Kxf1 exf5 29. b5 cxb5 30. axb5 Rxb5 0-1

[Event "AUTO-OPEN-63"]
[Site "http://www.queenalice.com/game.php?id=7205"]
[Date "2005.3.18"]
[Round "1"]
[White "lidon123"]
[Black "lavalplayer"]
[Result "0-1"]
[WhiteElo "1026"]
[BlackElo "1291"]

1. Nf3 Nc6 2. d4 d5 3. g3 Nf6 4. Bg2 g6 5. Bg5 Bg7 6. Nc3 O-O 7. O-O Bg4 8. Re1
h6 9. e4 hxg5 10. exd5 Nxd5 0-1

[Event "AUTO-OPEN-63"]
[Site "http://www.queenalice.com/game.php?id=7226"]
[Date "2005.3.18"]
[Round "1"]
[White "lidon123"]
[Black "Marcelo"]
[Result "0-1"]
[WhiteElo "1009"]
[BlackElo "1772"]

1. d4 d5 2. Nf3 Nc6 3. c4 Bg4 4. Nc3 Bxf3 5. gxf3 dxc4 6. d5 Ne5 7. f4 Ng4 8.
Bh3 N4f6 9. O-O Qd6 10. Nb5 Qc5 11. a4 Nxd5 12. Bg2 e6 13. Be3 Nxe3 14. fxe3 a6
15. Bxb7 Rb8 16. Nxc7+ Qxc7 17. Bxa6 Ne7 18. Qc2 Rb4 19. b3 Nf5 20. e4 Ne3 21.
Qc3 Rxb3 22. Qxe3 Rxe3 23. Rf3 Rxe2 24. Rc1 Rxe4 25. Rfc3 Bc5+ 26. Kg2 Qxf4 27.
Bxc4 Qf2+ 0-1

[Event "AUTO-OPEN-63"]
[Site "http://www.queenalice.com/game.php?id=7227"]
[Date "2005.3.18"]
[Round "1"]
[White "Marcelo"]
[Black "lidon123"]
[Result "1-0"]
[WhiteElo "1770"]
[BlackElo "1009"]

1. d4 e5 2. dxe5 Nc6 3. Bf4 Bb4+ 4. c3 Ba5 5. Nf3 Nge7 6. e3 Nd5 7. Qxd5 O-O 8.
Bd3 Re8 9. Ng5 Qe7 10. Bxh7 Kf8 11. O-O Nd8 12. Qxa5 b6 13. Qd5 c6 14. Qc4 Ne6
15. Nxe6+ Qxe6 16. Qxe6 Rxe6 17. Bf5 a5 18. Bxe6 dxe6 19. Na3 Ba6 20. Rfd1 Be2
21. Rd6 Ke7 22. Rxc6 Rb8 23. Re1 Kd7 24. Rd6+ Ke7 25. Rxe2 Rd8 26. Rxd8 Kxd8 27.
Rd2+ 1-0

[Event "AUTO-OPEN-63"]
[Site "http://www.queenalice.com/game.php?id=7228"]
[Date "2005.3.18"]
[Round "1"]
[White "lidon123"]
[Black "adilson_camargo"]
[Result "0-1"]
[WhiteElo "1070"]
[BlackElo "1678"]

1. e4 e5 2. Nf3 d6 3. d4 exd4 4. Nxd4 Nf6 5. Bg5 c5 6. Bb5 Bd7 7. Nc3 Bxb5 8.
Ndxb5 Na6 9. Nd5 Qa5+ 10. Nbc3 Nxd5 11. Qxd5 Qc7 12. O-O Be7 13. Nb5 Qd7 0-1

[Event "AUTO-OPEN-63"]
[Site "http://www.queenalice.com/game.php?id=7229"]
[Date "2005.3.18"]
[Round "1"]
[White "adilson_camargo"]
[Black "lidon123"]
[Result "1-0"]
[WhiteElo "1680"]
[BlackElo "1070"]

1. d4 d5 2. c4 dxc4 3. Nc3 Nc6 4. d5 Ne5 5. Bf4 Qd6 6. Bxe5 Qxe5 7. Nf3 Qd6 8.
e4 Qb4 9. Qa4+ Qxa4 10. Nxa4 e6 11. Bxc4 Bb4+ 12. Nc3 exd5 13. Bxd5 Nf6 14. O-O
1-0

[Event "AUTO-OPEN-64"]
[Site "http://www.queenalice.com/game.php?id=7461"]
[Date "2005.3.21"]
[Round "1"]
[White "Boeing"]
[Black "lidon123"]
[Result "1-0"]
[WhiteElo "1651"]
[BlackElo "1009"]

1. e4 d5 2. exd5 Nf6 3. c4 Bg4 4. f3 Bh5 5. g4 Bg6 6. h4 c6 7. dxc6 Nxc6 8. d3
e5 9. g5 Nd7 10. f4 Bb4+ 11. Nc3 Nd4 12. Bh3 O-O 13. Be3 Re8 14. Bxd4 exd4+ 15.
Kf1 Re3 16. Qa4 Qe7 17. Nd5 Bxd3+ 18. Ne2 Rf3+ 19. Kg1 Qxe2 20. Rh2 Rg3+ 21. Rg2
Qxb2 22. Kh2 Rxg2+ 23. Bxg2 Bf5 24. Rg1 1-0

[Event "AUTO-OPEN-64"]
[Site "http://www.queenalice.com/game.php?id=7462"]
[Date "2005.3.21"]
[Round "1"]
[White "lidon123"]
[Black "Boeing"]
[Result "0-1"]
[WhiteElo "1009"]
[BlackElo "1653"]

1. d3 e5 2. Nf3 Nc6 3. g3 d5 4. Bg2 Bc5 5. O-O Bg4 6. Bg5 f6 7. Bd2 Bxf3 8. Bxf3
f5 9. Re1 e4 10. dxe4 dxe4 11. Bg2 Qf6 12. Nc3 O-O-O 13. e3 a6 14. b3 Bb4 15.
Qe2 Bxc3 16. Bxc3 Qxc3 17. Rad1 Nf6 18. Qc4 Qb2 19. Qe6+ Nd7 20. Qxf5 Qxc2 21.
Qxe4 Qxa2 22. Qa4 Qxa4 23. Rd3 Qb4 0-1